Conversation between God and man / (Record no. 41927)

MARC details
000 -LEADER
fixed length control field 00682nam a22001937a 4500
005 - DATE AND TIME OF LATEST TRANSACTION
control field 20100814144131.0
010 ## - LCCN (DPL NO)
LC control number ENG-100413
020 ## - INTERNATIONAL STANDARD BOOK NUMBER
International Standard Book Number 9788190843904
Terms of availability 100.00
035 ## - SYSTEM CONTROL NUMBER
System control number EN-83946
037 ## - SOURCE OF ACQUISITION
Source of stock number/acquisition DBAD/PUB
082 ## - DEWEY DECIMAL CLASSIFICATION NUMBER
Classification number 230.3
100 ## - MAIN ENTRY--PERSONAL NAME
Personal name Venkataraman, G.
245 ## - TITLE STATEMENT
Title Conversation between God and man /
Statement of responsibility, etc by G. Venkataraman
260 ## - PUBLICATION, DISTRIBUTION, ETC. (IMPRINT)
Place of publication, distribution, etc Prashanti Nilayam
Name of publisher, distributor, etc Sri Sathya Sai Sadhana Trust
Date of publication, distribution, etc 2009
270 ## - ADDRESS
City Prashanti Nilayam
Postal code 515134
300 ## - PHYSICAL DESCRIPTION
Extent xi,244p.
Dimensions 22cm (pbk)
942 ## - ADDED ENTRY ELEMENTS (KOHA)
Source of classification or shelving scheme Dewey Decimal Classification
Item type English Books
Classification part 230.3
Call number suffix VEN
Holdings
Withdrawn status Lost status Not for loan Collection code Home library Current library Date acquired Source of acquisition Cost, normal purchase price Full call number Barcode Copy number Cost, replacement price Koha item type
    Not For Loan Non-fiction D.B.Act.Division D.B.Act.Division 14/08/2010 DBAD/PUB 100.00 230.3 VEN EN-83946 1 100.00 English Books

© Delhi Public Library
Hit Counter
free hit counter